000 00572nam a2200217Ia 4500
003 OSt
005 20220928151954.0
006 a|||||r|||| 00| 0
007 ta
008 220927b |||||||| |||| 00| 0 eng d
024 _a138226
037 _cTextual
040 _aSDCL
_cSDCL
_beng
041 _2eng
_aeng
082 _aO15,1:g, 152K9:1
100 _aMusalgaonkar Kesavarao
_9518695
245 0 _aSanskrita mahakavya ki parampara.
260 _c1969
942 _hO15,1:g, 152K9:1
_cTEXL
_2CC
999 _c853678
_d853678